Biophysical chemistry: Principles and techniques (Record no. 395114)

MARC details
000 -LEADER
fixed length control field 00607 a2200229 4500
005 - DATE & TIME
control field 20260116163148.0
008 - FIXED-LENGTH DATA ELEMENTS--GENERAL INFORMATION
fixed length control field 260115b |||||||| |||| 00| 0 eng d
020 ## - ISBN
International Standard Book Number 9789351422273
Price Rs. 715.00
040 ## - CATALOGING SOURCE
Original cataloging agency VIVEKANANDA LIBRARY
082 ## - DDC NUMBER
Classification number 572.43
Book Number U1B(4)
100 ## - MAIN ENTRY--PERSONAL NAME
Personal name Uppadhaya, Avinash
245 ## - TITLE STATEMENT
Title Biophysical chemistry: Principles and techniques
250 ## - EDITION STATEMENT
Edition statement 4th
260 ## - PUBLICATION, DISTRIBUTION, ETC. (IMPRINT)
Name of publisher, distributor, etc Himalaya Publishing House
Date of publication, distribution, etc 2024
Place of publication, distribution, etc Mumbai
300 ## - PHYSICAL DESCRIPTION
Pages 618
650 ## - Subject
Subject Biochemistry
650 ## - Subject
Subject Biophysical chemistry
650 ## - Subject
Subject Biology
700 ## - Added Entry Personal Name
Added Entry Personal Name Upadhyay, Kakoli
700 ## - Added Entry Personal Name
Added Entry Personal Name Nath, Nirmalendu
942 ## - ADDED ENTRY ELEMENTS (KOHA)
Koha item type Books
Holdings
Withdrawn status Lost status Source of classification or shelving scheme Damaged status Not for loan Location (home branch) Sublocation or collection (holding branch) Shelving location Date acquired Koha issues (times borrowed) Koha full call number Accession No. Koha date last seen Koha item type
    Dewey Decimal Classification     VIVEKANANDA LIBRARY VIVEKANANDA LIBRARY Vivekananda Library 22/12/2025   572.43 U1B(4) 443789 22/12/2025 Books
© Designed and Maintained by Vivekananda Library, MDU Rohtak